| 000 | 00573 a2200133 4500 | ||
|---|---|---|---|
| 082 | _aMSIT-8 | ||
| 100 |
_aHumera Arshad _9100209 |
||
| 245 |
_aAnalysis of program machine code and applications to data security [Project MSIT-8] _cHumera Arshad |
||
| 260 |
_aIslamabad _bNUST School of Electrical Engineering and Computer Science _c2011. |
||
| 300 |
_avi, 68p. _b:ill. _c;27cm.+ _eCD-ROM |
||
| 500 | _aSupervisors: Dr. Fauzan Mirza, Dr. Ali Khayam, Mr. Ali Sajjad, Mr. Kamran Zaidi | ||
| 856 | _uhttp://10.250.8.41:8080/xmlui/handle/123456789/9939 | ||
| 942 |
_cPR _kMSIT-8 HUM _2ddc |
||
| 999 |
_c10508 _d10508 |
||